000 00421nam a22001457a 4500
003 OSt
005 20240425115801.0
008 240425b |||||||| |||| 00| 0 eng d
040 _cMRSPTU
100 _aVivekananda, Swami (विवेकानन्द, स्वामी)
245 _aPawahari Baba (पवहारी बाबा)
260 _aNagpur
_bRam Krishan Muth
_c2022
300 _a19
942 _2ddc
_cBK
_n0
999 _c10144
_d10144